书目信息 |
| 题名: |
物料分离过程与操作
|
|
| 作者: | 王红 主编 | |
| 分册: | ||
| 出版信息: | 北京 化学工业出版社 2012 |
|
| 页数: | 97页 | |
| 开本: | 26cm | |
| 丛书名: | ||
| 单 册: | ||
| 中图分类: | TE624 | |
| 科图分类: | ||
| 主题词: | 石油炼制--物料--分离--高等职业教育--教材 , 物料 , 石油炼制 , 分离 | |
| 电子资源: | ||
| ISBN: | 978-7-122-14112-5 | |
| 000 | 00983nam0 2200277 45 | |
| 001 | 1355419218 | |
| 005 | 20130513150944.93 | |
| 010 | @a978-7-122-14112-5@dCNY20.00 | |
| 100 | @a20130108d2012 em y0chiy50 ea | |
| 101 | 0 | @achi |
| 102 | @aCN@b110000 | |
| 105 | @aa z 000yy | |
| 106 | @ar | |
| 200 | 1 | @a物料分离过程与操作@AWu Liao Fen Li Guo Cheng Yu Cao Zuo@f王红主编@FWang Hong Zhu Bian |
| 210 | @a北京@c化学工业出版社@d2012 | |
| 215 | @a97页@c图@d26cm | |
| 300 | @a高职高专项目导向系列教材 | |
| 330 | @a本书包括精馏、吸收、液-液萃取及沉降四个教学情境,其中每个情境以通用知识学习为主,以实训装置为载体进行基本能力训练;以实际生产装置为载体,进行知识、技能、素质的提升训练;以仿真装置为载体,由学生独立完成,进一步进行技能训练。 | |
| 606 | 0 | @a石油炼制@x物料@x分离@x高等职业教育@j教材 |
| 606 | 0 | @a物料 |
| 606 | 0 | @a石油炼制 |
| 606 | 0 | @a分离 |
| 690 | @aTE624@v5 | |
| 701 | 0 | @a王红@AWang Hong@4主编 |
| 801 | @aCN@bTANGWEI@c20130111 | |
| 905 | @b0831198-200@dTE624@e14@f3 | |
| 物料分离过程与操作/王红主编.-北京:化学工业出版社,2012 |
| 97页:图;26cm |
| 高职高专项目导向系列教材 |
| ISBN 978-7-122-14112-5:CNY20.00 |
| 本书包括精馏、吸收、液-液萃取及沉降四个教学情境,其中每个情境以通用知识学习为主,以实训装置为载体进行基本能力训练;以实际生产装置为载体,进行知识、技能、素质的提升训练;以仿真装置为载体,由学生独立完成,进一步进行技能训练。 |
| ● |
| 相关链接 |
|
|
|
|
正题名:物料分离过程与操作
索取号:TE624/14
 
预约/预借
| 序号 | 登录号 | 条形码 | 馆藏地/架位号 | 状态 | 备注 |
| 1 | 0831198 | 208311986 | 第二样本阅览室/ [索取号:TE624/14] | 在馆 | |
| 2 | 0831199 | 208311995 | 第三借阅区/ [索取号:TE624/14] | 在馆 | |
| 3 | 0831200 | 208312002 | 第三借阅区/ [索取号:TE624/14] | 在馆 |